|
|
|
|
| LEADER |
00000cam a2200000 7i4500 |
| 001 |
0000003513 |
| 005 |
20060406.0 |
| 020 |
0 |
0 |
|a 9678913542
|
| 090 |
0 |
0 |
|a 351.1595
|b MAL 2005
|
| 110 |
1 |
0 |
|a MALAYSIA
|
| 245 |
1 |
0 |
|a Pekeliling Kemajuan Pentadbiran Awam 1991-1993, Jilid I :
|b (hingga 20 Ogos 2005)
|c disusun oleh Lembaga Penyelidikan Undang-Undang
|
| 260 |
0 |
0 |
|a Petaling Jaya, Selangor :
|b International Law Book Services ,
|c 2005
|
| 300 |
|
|
|a ii, 583 p. ;
|c 24 cm.
|
| 440 |
0 |
0 |
|a Undang-Undang Malaysia
|
| 650 |
0 |
0 |
|a Civil service ethics
|z Malaysia
|
| 650 |
0 |
0 |
|a Civil service
|x Training of
|z Malaysia
|
| 650 |
0 |
0 |
|a Civil service
|z Malaysia
|x Personnel management
|x Handbooks, manuals, etc.
|
| 998 |
|
|
|a JPSM
|
| 999 |
|
|
|a 0000006919
|b Monograph
|c Open Shelf
|e Default branch
|